Statistics for Cartoon Villains Quiz

Click here to take the quiz!

General Stats

  • This quiz has been taken 135,035 times
    (86,124 since last reset)
  • The average score is 15 of 24

Answer Stats

Villain Cartoon % Correct
The JokerBatman
97%
Captain HookPeter Pan
96%
ScarThe Lion King
93%
Cruella de Vil101 Dalmatians
91%
JafarAladdin
89%
UrsulaThe Little Mermaid
86%
PlanktonSpongeBob SquarePants
81%
Wile E. CoyoteRoad Runner
79%
MegatronTransformers
79%
MagnetoX-Men
75%
Dr. OctopusSpider-Man
68%
MaleficentSleeping Beauty
65%
ShredderTeenage Mutant Ninja Turtles
64%
Sideshow BobThe Simpsons
63%
GargamelThe Smurfs
60%
SkeletorMasters of the Universe
56%
Cobra CommanderG.I. Joe
56%
Mojo JojoThe Powerpuff Girls
54%
BlutoPopeye
42%
Captain PollutionCaptain Planet
36%
Dr. ClawInspector Gadget
35%
Boris & NatashaRocky & Bullwinkle
25%
Mumm-RaThunderCats
21%
NegaduckDarkwing Duck
19%

Score Distribution

Percentile by Number Answered

Percent of People with Each Score

Your Score History

You have not taken this quiz since the last reset